| 000 | 00506nam a2200205Ia 4500 | ||
|---|---|---|---|
| 008 | 170918s9999 xx 000 0 und d | ||
| 020 | _a9780689819988 | ||
| 050 | _bM346 1995 | ||
| 100 | _aMarkle, Sandra | ||
| 245 | _aOutside and inside snakes / | ||
| 245 | _cby Sandra Markle. | ||
| 260 | _aNew York : | ||
| 260 | _bAladdin Paperbacks, | ||
| 260 | _c1995 | ||
| 300 | _a40 pages : | ||
| 300 | _bcolored illustration ; | ||
| 300 | _c23cm. | ||
| 440 | _aAlladin picture books. | ||
| 500 | _a830 | ||
| 999 |
_c343030 _d343030 |
||